[Event "XV Festival A"]
[Site "Porto San Giorgio ITA"]
[Date "2003.08.24"]
[Round "4"]
[White "Efimov, Igor"]
[Black "Mrdja, Milan"]
[Result "1-0"]
[WhiteElo "2479"]
[BlackElo "2384"]
[PlyCount "107"]
[EventDate "2003.08.21"]

1. d4 g6 2. e4 Bg7 3. Nc3 d6 4. Bg5 Nd7 5. Qd2 c6 6. Nf3 h6 7. Be3 b5 8. Bd3
Nb6 9. b3 Nf6 10. h3 a5 11. O-O g5 12. Ne2 d5 13. exd5 Nbxd5 14. Ne5 Qb6 15. c4
Nxe3 16. Qxe3 O-O 17. f4 g4 18. c5 Qc7 19. hxg4 Bxg4 20. Ng3 Rad8 21. Rae1 Rfe8
22. Bb1 e6 23. Ne4 Nd5 24. Qg3 Bf5 25. Nd6 Rxd6 26. cxd6 Qxd6 27. Bxf5 exf5 28.
Qh3 Ne7 29. Rd1 Rd8 30. Rd3 Qe6 31. Re1 Nd5 32. Qh4 Ra8 33. Kh2 Nf6 34. Rg3 Ne4
35. Rge3 Qd5 36. g4 Nd6 37. Rg3 Qxd4 38. Rf1 Re8 39. g5 Rxe5 40. gxh6 Re2+ 41.
Kh3 Re3 42. Rfg1 Ne8 43. Qg5 Rxg3+ 44. Rxg3 Qa1 45. Rg1 Qc3+ 46. Rg3 Qe1 47.
Rg1 Qe3+ 48. Kh2 Qe6 49. hxg7 Nf6 50. Qh4 Qe2+ 51. Kh1 Qf3+ 52. Rg2 Qd1+ 53.
Kh2 Nh5 54. Qg5 1-0

[Event "XV Festival A"]
[Site "Porto San Giorgio ITA"]
[Date "2003.08.24"]
[Round "4"]
[White "Faraoni, Enrico"]
[Black "Rinaudo, Sergio"]
[Result "1-0"]
[WhiteElo "2182"]
[BlackElo "1846"]
[PlyCount "37"]
[EventDate "2003.08.21"]

1. e4 e5 2. d4 exd4 3. Qxd4 Nc6 4. Qe3 Nf6 5. Nc3 Bb4 6. Bd2 O-O 7. O-O-O Qe7
8. f3 d5 9. Nxd5 Bxd2+ 10. Qxd2 Nxd5 11. exd5 Rd8 12. Bc4 Qc5 13. Qf4 Na5 14.
Bd3 g6 15. Ne2 Qxd5 16. Bc4 Qxc4 17. Rxd8+ Kg7 18. Qe5+ Kh6 19. Rd4 1-0

[Event "XV Festival A"]
[Site "Porto San Giorgio ITA"]
[Date "2003.08.24"]
[Round "4"]
[White "Gardon, Ermanno"]
[Black "Unterfrauner, Albert"]
[Result "1-0"]
[WhiteElo "2148"]
[BlackElo "2188"]
[PlyCount "45"]
[EventDate "2003.08.21"]

1. e4 c5 2. Nf3 e6 3. d4 cxd4 4. Nxd4 a6 5. c4 Qc7 6. Bd3 Nf6 7. Qe2 d6 8. f4
Nbd7 9. Nc3 Be7 10. Nf3 O-O 11. O-O b6 12. e5 dxe5 13. fxe5 Ng4 14. Bf4 f6 15.
Kh1 Bb7 16. Nd4 Ngxe5 17. Nxe6 Qd6 18. Nxf8 Qxd3 19. Qxd3 Nxd3 20. Nxd7 Nxf4
21. Rxf4 Rd8 22. Rd1 Bc6 23. Rfd4 1-0

[Event "XV Festival A"]
[Site "Porto San Giorgio ITA"]
[Date "2003.08.24"]
[Round "4"]
[White "Georgiev, Vladimir"]
[Black "Lauria, Amilcare"]
[Result "1-0"]
[WhiteElo "2566"]
[BlackElo "2174"]
[PlyCount "105"]
[EventDate "2003.08.21"]

1. c4 g6 2. e4 d6 3. d4 Bg7 4. Nc3 c6 5. h3 Nd7 6. Be3 Qa5 7. Bd3 c5 8. Nge2
Ngf6 9. O-O cxd4 10. Nxd4 Ne5 11. Be2 O-O 12. f4 Nc6 13. Nb3 Qd8 14. Bf3 Be6
15. Qe2 Na5 16. Nd5 Rc8 17. Nd2 Bxd5 18. exd5 b6 19. b4 Nb7 20. Nb3 Qc7 21.
Rac1 Nd8 22. c5 dxc5 23. bxc5 bxc5 24. Rxc5 Qd7 25. Rxc8 Qxc8 26. Bxa7 Qd7 27.
Bc5 Nb7 28. Qxe7 Nxc5 29. Qxc5 Rc8 30. Qa5 Ne8 31. Bg4 f5 32. Bf3 Nd6 33. Rd1
Nc4 34. Qa6 Nd6 35. Nd4 Bxd4+ 36. Rxd4 Rc1+ 37. Rd1 Rxd1+ 38. Bxd1 Qe7 39. Bf3
Qe3+ 40. Kf1 Qxf4 41. Qa8+ Kg7 42. Qa7+ Kh6 43. Qc7 Qb4 44. Qc1+ Kg7 45. a3 Qd4
46. Qc7+ Nf7 47. Qe7 Qa1+ 48. Kf2 f4 49. Qb4 Qc1 50. Qd4+ Kf8 51. a4 g5 52. d6
Qc2+ 53. Be2 1-0

[Event "XV Festival A"]
[Site "Porto San Giorgio ITA"]
[Date "2003.08.24"]
[Round "4"]
[White "Jones, Gawain C.B."]
[Black "Horvath, Peter"]
[Result "1/2-1/2"]
[WhiteElo "2347"]
[BlackElo "2092"]
[PlyCount "81"]
[EventDate "2003.08.21"]

1. e4 c5 2. Nf3 e6 3. d3 Nc6 4. g3 Nge7 5. Bg2 g6 6. O-O Bg7 7. c3 d5 8. Qe2 d4
9. e5 h6 10. h4 dxc3 11. bxc3 O-O 12. Nbd2 b6 13. Bb2 Bb7 14. Rad1 Qc7 15. Rfe1
Rad8 16. a3 Ba8 17. g4 Nd5 18. d4 Nf4 19. Qe3 Nxg2 20. Kxg2 Na5 21. g5 h5 22.
Rc1 Qc6 23. Qe2 Bxe5 24. Qxe5 Nc4 25. d5 Nxe5 26. dxc6 Nd3 27. Rb1 Nxe1+ 28.
Rxe1 Bxc6 29. Ne4 Rd3 30. c4 Rfd8 31. Bf6 R8d7 32. Bb2 Bxe4 33. Rxe4 Rb3 34.
Bc1 Rd1 35. Be3 Rxa3 36. Ne5 Rd8 37. Rf4 Rf8 38. Nd7 Rd8 39. Ne5 Rf8 40. Nd7
Rd8 41. Ne5 1/2-1/2

[Event "XV Festival A"]
[Site "Porto San Giorgio ITA"]
[Date "2003.08.24"]
[Round "4"]
[White "Laketic, Gojko"]
[Black "Battiston, Doris"]
[Result "1/2-1/2"]
[WhiteElo "2393"]
[BlackElo "1815"]
[PlyCount "82"]
[EventDate "2003.08.21"]

1. d4 f5 2. g3 Nf6 3. Bg2 e6 4. Nf3 d5 5. c4 c6 6. O-O Bd6 7. b3 Qe7 8. Bb2 O-O
9. Nbd2 Bd7 10. Ne5 Be8 11. e3 Nbd7 12. f3 Bh5 13. c5 Bc7 14. Nxd7 Nxd7 15. Qc2
e5 16. Rfe1 e4 17. f4 g5 18. b4 gxf4 19. exf4 Nf6 20. Nf1 Be8 21. a4 Bd7 22.
Qb3 a6 23. Ne3 Qe6 24. Bf1 Kh8 25. b5 Rg8 26. Kh1 Nh5 27. Ng2 a5 28. Ra3 Rg7
29. bxc6 Bxc6 30. Be2 Qh6 31. Bxh5 Qxh5 32. Qd1 Qh3 33. Nh4 Bd8 34. Qh5 Bxh4
35. Qxh4 Qxh4 36. gxh4 Rg4 37. h3 Rg7 38. Rg1 Rxg1+ 39. Kxg1 Kg7 40. Bc3 Kf6
41. Be1 Kf7 1/2-1/2

[Event "XV Festival A"]
[Site "Porto San Giorgio ITA"]
[Date "2003.08.24"]
[Round "4"]
[White "Mastrorilli, Nicola"]
[Black "Cerquitella, Luca"]
[Result "0-1"]
[WhiteElo "1896"]
[BlackElo "2125"]
[PlyCount "90"]
[EventDate "2003.08.21"]

1. c4 e5 2. g3 Nf6 3. Bg2 d5 4. d3 Be7 5. Nf3 Nc6 6. O-O O-O 7. a3 a5 8. b3 d4
9. Qc2 h6 10. Nh4 Be6 11. Nd2 Nd7 12. Bxc6 bxc6 13. Ng2 Bg4 14. e4 Nc5 15. f3
Bh3 16. Rb1 Bg5 17. f4 exf4 18. gxf4 Be7 19. Nf3 Rb8 20. Ne5 Qe8 21. Rf3 Bxg2
22. Kxg2 f5 23. exf5 Rxf5 24. Bd2 Bd6 25. b4 axb4 26. Bxb4 Bxe5 27. Bxc5 Rxb1
28. Qxb1 Rxf4 29. Qf1 Qg6+ 30. Kh1 Rg4 31. Rf2 Rh4 32. Rg2 Qh5 33. Qe2 Bxh2 34.
Qxh5 Rxh5 35. Rxh2 Rxc5 36. Rh4 Ra5 37. Rxd4 Rxa3 38. Kg2 Kh7 39. Rd7 h5 40.
Rxc7 Rxd3 41. Rxc6 g6 42. Rc7+ Kh6 43. Rc5 h4 44. Rd5 Rxd5 45. cxd5 Kg7 0-1

[Event "XV Festival A"]
[Site "Porto San Giorgio ITA"]
[Date "2003.08.24"]
[Round "4"]
[White "Naumkin, Igor"]
[Black "Valguarnera, Girolamo"]
[Result "1-0"]
[WhiteElo "2406"]
[BlackElo "2130"]
[PlyCount "77"]
[EventDate "2003.08.21"]

1. d4 f5 2. Nf3 Nf6 3. Bg5 e6 4. Nbd2 Be7 5. Bxf6 Bxf6 6. e4 d5 7. e5 Be7 8. c4
c6 9. a3 O-O 10. h4 Nd7 11. c5 Rf7 12. Bd3 Nf8 13. b4 g6 14. Nb3 Qe8 15. Qd2
Rg7 16. g3 Kh8 17. Rb1 Bd8 18. Kf1 b5 19. Nc1 a5 20. a4 axb4 21. axb5 cxb5 22.
Kg2 Bd7 23. Qxb4 Bc6 24. Ne2 Rb7 25. Qd2 Qe7 26. Rb2 Ra3 27. Rhb1 Ba5 28. Qd1
b4 29. Nc1 Qd8 30. Bc2 Qb8 31. Nb3 Bc7 32. Qd2 Kg7 33. h5 Bd8 34. hxg6 hxg6 35.
Rh1 Kg8 36. Rbb1 Rg7 37. Nc1 Ba5 38. Bb3 Bb5 39. Ne1 1-0

[Event "XV Festival A"]
[Site "Porto San Giorgio ITA"]
[Date "2003.08.24"]
[Round "4"]
[White "Orlov, Andrey"]
[Black "Glek, Igor V."]
[Result "1/2-1/2"]
[WhiteElo "2391"]
[BlackElo "2566"]
[PlyCount "83"]
[EventDate "2003.08.21"]

1. e4 e6 2. d3 d5 3. Nd2 Nf6 4. Ngf3 Nc6 5. c3 a5 6. e5 Nd7 7. d4 b6 8. Bb5 Ne7
9. O-O Ba6 10. a4 c6 11. Bxa6 Rxa6 12. b4 axb4 13. cxb4 Nf5 14. Ba3 Qa8 15. b5
cxb5 16. Bxf8 Rxf8 17. axb5 Rxa1 18. Qxa1 Qxa1 19. Rxa1 Ke7 20. g4 Nh6 21. h3
f6 22. Ra7 Nf7 23. Nf1 Rd8 24. Ne3 Ke8 25. Ng2 fxe5 26. dxe5 Ndxe5 27. Nd4 Rd7
28. Ra6 Rd6 29. Nf4 Nd8 30. Kg2 g6 31. Nfe2 Nc4 32. f4 Ke7 33. Nf3 Rd7 34. Ned4
Kd6 35. Ra8 Kc7 36. Ra1 Kb7 37. Re1 Re7 38. Ng5 Nd6 39. Ngxe6 Nxe6 40. Nxe6 Kb8
41. Re5 Nxb5 42. Rxd5 1/2-1/2

[Event "XV Festival A"]
[Site "Porto San Giorgio ITA"]
[Date "2003.08.24"]
[Round "4"]
[White "Rotstein, Arkadij"]
[Black "Cioara, Andrei Nestor"]
[Result "1-0"]
[WhiteElo "2544"]
[BlackElo "2394"]
[PlyCount "71"]
[EventDate "2003.08.21"]

1. Nf3 e6 2. g3 Nf6 3. Bg2 d5 4. O-O c5 5. d4 Nc6 6. c4 Be7 7. dxc5 Bxc5 8.
Nbd2 O-O 9. a3 a5 10. Qc2 d4 11. Ne1 e5 12. Nd3 Bd6 13. f4 Ng4 14. Ne4 f5 15.
Nxd6 Qxd6 16. fxe5 Qe7 17. Bf4 g5 18. Bd2 Ncxe5 19. Nxe5 Nxe5 20. Bd5+ Kg7 21.
b4 Ng4 22. Qd3 Qf6 23. bxa5 Ne5 24. Qb3 Nc6 25. Qb6 Re8 26. Rae1 Kg6 27. e4
dxe3 28. Rxe3 Rxe3 29. Qxe3 Bd7 30. Bc3 Qd6 31. Rd1 Qf8 32. Be6 Bxe6 33. Qxe6+
Kh5 34. Rd7 Re8 35. Rxh7+ Kg4 36. Kg2 1-0

[Event "XV Festival A"]
[Site "Porto San Giorgio ITA"]
[Date "2003.08.24"]
[Round "4"]
[White "Sciortino, Massimo"]
[Black "Bracali, Andrea"]
[Result "1-0"]
[WhiteElo "2192"]
[BlackElo "1588"]
[PlyCount "115"]
[EventDate "2003.08.21"]

1. e4 d6 2. d4 Nf6 3. Nc3 e5 4. Nf3 Nbd7 5. Bc4 Be7 6. O-O O-O 7. a4 c6 8. Qe2
Qc7 9. b3 Nb6 10. Bd3 Bg4 11. dxe5 dxe5 12. Bb2 Rad8 13. h3 Bh5 14. Nd1 Nfd7
15. a5 Nc8 16. Ne3 Bxf3 17. Qxf3 g6 18. Qg3 Bf6 19. Ba3 Be7 20. Bb2 Bf6 21. Ng4
Bg7 22. Ba3 Rfe8 23. Qe3 Nf8 24. Bc4 Ne6 25. c3 h5 26. Nh2 a6 27. g3 Nd6 28.
Be2 Rd7 29. Rad1 Red8 30. b4 Ne8 31. Nf3 Rxd1 32. Rxd1 Rxd1+ 33. Bxd1 Qd7 34.
Qd2 Qxd2 35. Nxd2 Nd6 36. f3 Bh6 37. Nb3 Nc4 38. Bc1 Bxc1 39. Nxc1 Kf8 40. Bb3
Nb2 41. Bxe6 fxe6 42. h4 Ke7 43. Kf1 Na4 44. Ne2 c5 45. Ke1 cxb4 46. cxb4 b5
47. Kd2 Nb2 48. Nc1 Kd6 49. Ne2 Nc4+ 50. Kc3 Ke7 51. Nc1 Nd6 52. Nd3 Nb7 53.
Nxe5 Kf6 54. Nd7+ Ke7 55. Nb8 Kd6 56. Nxa6 e5 57. f4 Ke6 58. Nc5+ 1-0

[Event "XV Festival A"]
[Site "Porto San Giorgio ITA"]
[Date "2003.08.24"]
[Round "4"]
[White "Sebastianelli, Dario"]
[Black "Saccona, Silvano"]
[Result "1-0"]
[WhiteElo "2239"]
[BlackElo "2098"]
[PlyCount "73"]
[EventDate "2003.08.21"]

1. e4 c6 2. d4 d5 3. Nc3 dxe4 4. Nxe4 Nf6 5. Nxf6+ exf6 6. c3 Bd6 7. Bd3 O-O 8.
Ne2 Qc7 9. Qc2 Kh8 10. Bd2 Re8 11. O-O-O Nd7 12. h4 Nf8 13. Kb1 a5 14. c4 Qb8
15. Rde1 Bd7 16. f3 b5 17. g4 c5 18. g5 Be7 19. Nf4 cxd4 20. Rxe7 Rxe7 21. gxf6
gxf6 22. Nd5 Re6 23. h5 Qg3 24. Be4 Rc8 25. Bf4 Qg7 26. h6 Qg8 27. Nxf6 Rxf6
28. Be5 Qg5 29. f4 Qg3 30. Qd1 Ng6 31. Bxf6+ Kg8 32. Be5 bxc4 33. Qxd4 Be6 34.
Rg1 Qh3 35. Bd6 Qxh6 36. f5 Qg7 37. Be5 1-0

[Event "XV Festival A"]
[Site "Porto San Giorgio ITA"]
[Date "2003.08.24"]
[Round "4"]
[White "Tischbierek, Raj"]
[Black "Delchev, Aleksander"]
[Result "0-1"]
[WhiteElo "2522"]
[BlackElo "2572"]
[PlyCount "78"]
[EventDate "2003.08.21"]

1. e4 e5 2. Nf3 Nc6 3. Bb5 a6 4. Bxc6 dxc6 5. O-O Bg4 6. h3 h5 7. d3 Qf6 8.
Nbd2 Ne7 9. Nc4 Bxf3 10. Qxf3 Qxf3 11. gxf3 Ng6 12. Be3 O-O-O 13. Rfd1 f6 14.
Kf1 Bd6 15. Ke2 Nf8 16. f4 exf4 17. Nxd6+ cxd6 18. Bxf4 Ne6 19. Be3 g5 20. c4
d5 21. cxd5 cxd5 22. Rac1+ Kb8 23. f3 h4 24. Kf2 Rhf8 25. Re1 f5 26. e5 Rc8 27.
Rg1 Rxc1 28. Rxc1 g4 29. f4 g3+ 30. Kf3 d4 31. Bd2 Rc8 32. Rxc8+ Kxc8 33. b4
Kd7 34. Bc1 Kc6 35. a4 a5 36. bxa5 Nc5 37. Ba3 Nxd3 38. Be7 Ne1+ 39. Ke2 d3+
0-1

[Event "XV Festival A"]
[Site "Porto San Giorgio ITA"]
[Date "2003.08.24"]
[Round "4"]
[White "Ventura, Sergio"]
[Black "Esposito, Luca"]
[Result "1/2-1/2"]
[WhiteElo "2173"]
[BlackElo "2202"]
[PlyCount "62"]
[EventDate "2003.08.21"]

1. Nf3 c5 2. b3 Nf6 3. Bb2 e6 4. g3 b6 5. Bg2 Bb7 6. O-O Be7 7. d3 d5 8. Ne5
Nbd7 9. c4 Nxe5 10. Bxe5 O-O 11. e3 Qd7 12. Bb2 Rfd8 13. Qe2 dxc4 14. dxc4 Bxg2
15. Kxg2 Qd3 16. Re1 Qxe2 17. Rxe2 Rd3 18. Rd2 Rxd2 19. Nxd2 Rd8 20. Nf3 Ne4
21. Rc1 Bf6 22. Bxf6 gxf6 23. g4 Rd3 24. Kf1 Kf8 25. Rc2 Ke7 26. Ne1 Rc3 27. f3
Rxc2 28. Nxc2 Nd6 29. Ke2 f5 30. gxf5 Nxf5 31. e4 Nd6 1/2-1/2

[Event "XV Festival A"]
[Site "Porto San Giorgio ITA"]
[Date "2003.08.25"]
[Round "5"]
[White "Aleksic, Nenad"]
[Black "Burmakin, Vladimir"]
[Result "0-1"]
[WhiteElo "2292"]
[BlackElo "2575"]
[PlyCount "68"]
[EventDate "2003.08.21"]

1. e4 c6 2. d4 d5 3. Nc3 g6 4. h3 Bg7 5. Nf3 dxe4 6. Nxe4 Nf6 7. Nxf6+ exf6 8.
Bc4 O-O 9. O-O Nd7 10. c3 Nb6 11. Bb3 Nd5 12. Re1 Be6 13. Nd2 Re8 14. Nc4 Qd7
15. Ne3 Nc7 16. Nc4 b5 17. Ne3 f5 18. Nf1 a5 19. Be3 a4 20. Bxe6 Nxe6 21. a3 f4
22. Bd2 Qd5 23. Nh2 c5 24. dxc5 Red8 25. Nf3 Nxc5 26. Re2 Nb3 27. Rb1 Qd3 28.
Qe1 g5 29. Qf1 Rd6 30. Rbe1 Bf6 31. Bc1 Rad8 32. Nd2 Nxd2 33. Bxd2 Kg7 34. Bc1
f3 0-1

[Event "XV Festival A"]
[Site "Porto San Giorgio ITA"]
[Date "2003.08.25"]
[Round "5"]
[White "Battiston, Doris"]
[Black "Delizia, Costantino"]
[Result "0-1"]
[WhiteElo "1815"]
[BlackElo "2219"]
[PlyCount "92"]
[EventDate "2003.08.21"]

1. f4 d5 2. Nf3 Nf6 3. e3 e6 4. d4 Be7 5. Bd3 Nbd7 6. O-O b6 7. Qe2 Bb7 8. Bd2
O-O 9. Be1 c5 10. c3 Ne4 11. Nbd2 Rc8 12. g4 Ndf6 13. Ne5 Nxd2 14. Bxd2 Ne4 15.
g5 f6 16. gxf6 gxf6 17. Ng4 Kh8 18. Kh1 Qe8 19. Nf2 Nxd2 20. Qxd2 Qh5 21. Qd1
Qxd1 22. Raxd1 e5 23. fxe5 fxe5 24. Ng4 exd4 25. exd4 Rxf1+ 26. Rxf1 Rf8 27.
Rxf8+ Bxf8 28. Ne5 Kg7 29. Kg2 h6 30. Bb5 a6 31. Bc6 Bxc6 32. Nxc6 Bd6 33. dxc5
bxc5 34. h3 Kf6 35. b4 cxb4 36. Nxb4 Bxb4 37. cxb4 Ke5 38. a4 Kd4 39. b5 axb5
40. axb5 Kc5 41. b6 Kxb6 42. Kf2 Kc5 43. Ke3 Kc4 44. Kd2 Kd4 45. Ke2 Kc3 46.
Kd1 Kd3 0-1

[Event "XV Festival A"]
[Site "Porto San Giorgio ITA"]
[Date "2003.08.25"]
[Round "5"]
[White "Bracali, Andrea"]
[Black "Ruggeri, Pietro"]
[Result "1/2-1/2"]
[WhiteElo "1588"]
[BlackElo "2134"]
[PlyCount "43"]
[EventDate "2003.08.21"]

1. d4 d5 2. Bf4 Nf6 3. e3 e6 4. Nf3 Nbd7 5. Nbd2 Be7 6. h3 c5 7. c3 O-O 8. Be2
b6 9. O-O Bb7 10. Ne5 Nxe5 11. Bxe5 Nd7 12. Bg3 Qc8 13. Bf3 f5 14. Rc1 c4 15.
b3 b5 16. bxc4 bxc4 17. Rb1 Bc6 18. Qc2 Ba3 19. Bd1 Nb6 20. Nf3 Ba4 21. Qd2
Bxd1 22. Rfxd1 1/2-1/2

[Event "XV Festival A"]
[Site "Porto San Giorgio ITA"]
[Date "2003.08.25"]
[Round "5"]
[White "Cerquitella, Luca"]
[Black "Tomescu, Vlad"]
[Result "1-0"]
[WhiteElo "2125"]
[BlackElo "2427"]
[PlyCount "53"]
[EventDate "2003.08.21"]

1. e4 c5 2. Nf3 Nc6 3. d4 cxd4 4. Nxd4 Nf6 5. Nc3 d6 6. Bc4 e6 7. Be3 a6 8. Qe2
Qc7 9. O-O-O Na5 10. Bd3 b5 11. g4 b4 12. Nb1 Bb7 13. Nd2 d5 14. Bg5 dxe4 15.
Nxe4 Nxe4 16. Bxe4 Qe5 17. Nxe6 Qxe6 18. Bf5 Be7 19. Bxe6 Bxg5+ 20. Kb1 O-O 21.
Bd5 Nc6 22. f4 Bh4 23. g5 Rad8 24. Qg2 Rxd5 25. Qxd5 Nd8 26. Qxd8 Bxh1 27. Qe7
1-0

[Event "XV Festival A"]
[Site "Porto San Giorgio ITA"]
[Date "2003.08.25"]
[Round "5"]
[White "Cioara, Andrei Nestor"]
[Black "Faraoni, Enrico"]
[Result "1-0"]
[WhiteElo "2394"]
[BlackElo "2182"]
[PlyCount "45"]
[EventDate "2003.08.21"]

1. e4 g5 2. d4 h6 3. c4 Bg7 4. Nc3 d6 5. Be3 Nc6 6. Nge2 Nf6 7. f3 a6 8. Qd2
Bd7 9. O-O-O b5 10. c5 dxc5 11. d5 Ne5 12. Bxc5 c6 13. Qd4 O-O 14. Qxe5 b4 15.
Bxe7 Qa5 16. Bxf6 Rfe8 17. Qd6 bxc3 18. Bxg7 Kxg7 19. Nxc3 Rad8 20. Qa3 Qb6 21.
Na4 Qc7 22. d6 Qa5 23. Qc3+ 1-0

[Event "XV Festival A"]
[Site "Porto San Giorgio ITA"]
[Date "2003.08.25"]
[Round "5"]
[White "Ciuksyte, Dagne"]
[Black "Georgiev, Vladimir"]
[Result "1/2-1/2"]
[WhiteElo "2295"]
[BlackElo "2566"]
[PlyCount "97"]
[EventDate "2003.08.21"]

1. e4 c5 2. Nf3 Nc6 3. d4 cxd4 4. Nxd4 Qb6 5. Nb3 Nf6 6. Nc3 e6 7. Qe2 Qc7 8.
g4 h6 9. h4 a6 10. Bg2 Bd6 11. Be3 b5 12. O-O-O Bf4 13. Nd5 exd5 14. exd5 Qe5
15. dxc6 Bxe3+ 16. Qxe3 Qxe3+ 17. fxe3 Ra7 18. Rd4 dxc6 19. Bxc6+ Ke7 20. Bf3
Rd7 21. Rhd1 Rxd4 22. Rxd4 g5 23. hxg5 hxg5 24. c4 Rh3 25. Nd2 Rg3 26. cxb5
axb5 27. a4 bxa4 28. Rxa4 Bxg4 29. Bxg4 Rxg4 30. Rxg4 Nxg4 31. Ne4 f6 32. Kd2
Ke6 33. Kd3 Kd5 34. Nc3+ Ke5 35. b4 f5 36. b5 Nf6 37. b6 Nd7 38. e4 f4 39. Na4
Kd6 40. Kd4 g4 41. Nc3 Nxb6 42. e5+ Ke6 43. Ke4 f3 44. Nd1 Nc4 45. Nf2 Nd2+ 46.
Kf4 g3 47. Kxg3 Kxe5 48. Ng4+ Ke4 49. Nh2 1/2-1/2

[Event "XV Festival A"]
[Site "Porto San Giorgio ITA"]
[Date "2003.08.25"]
[Round "5"]
[White "Djingarova, Emilia"]
[Black "Chatalbashev, Boris"]
[Result "0-1"]
[WhiteElo "2300"]
[BlackElo "2509"]
[PlyCount "138"]
[EventDate "2003.08.21"]

1. e4 c5 2. Nf3 g6 3. c3 Bg7 4. d4 cxd4 5. cxd4 d5 6. e5 Nc6 7. Bb5 Bd7 8. Nc3
e6 9. O-O Nge7 10. Bg5 h6 11. Bxe7 Qxe7 12. a3 O-O 13. Bd3 a6 14. Na4 b5 15.
Nc5 Nxd4 16. Nxd4 Qxc5 17. Nf3 a5 18. Rc1 Qb6 19. h4 h5 20. Qe2 Rac8 21. Rxc8
Rxc8 22. g4 hxg4 23. Nh2 Qd4 24. Nxg4 Qf4 25. Kg2 d4 26. f3 Rc5 27. b4 axb4 28.
axb4 Rc3 29. Bxb5 Qf5 30. Rf2 Bc8 31. Ba6 Bxa6 32. Qxa6 d3 33. b5 Kh7 34. Qd6
Rb3 35. b6 Qf4 36. Qd7 d2 37. Qxd2 Bxe5 38. Nxe5 Qxe5 39. Qd7 Kg7 40. b7 Qb8
41. h5 Rxb7 42. Qd4+ e5 43. Qh4 Rb6 44. h6+ Kh7 45. Qe7 Rb7 46. Qf6 Qh8 47. Qc6
Re7 48. Ra2 e4 49. fxe4 Qe5 50. Rf2 Kxh6 51. Qf6 Qxe4+ 52. Rf3 Kh7 53. Kg1 Kg8
54. Qf4 Qxf4 55. Rxf4 Re2 56. Kf1 Ra2 57. Kg1 Kg7 58. Rb4 f5 59. Rb6 Kh6 60.
Kh1 Kh5 61. Rb5 Kg4 62. Rb4+ f4 63. Rb3 g5 64. Rb1 f3 65. Rg1+ Kf4 66. Rb1 g4
67. Rc1 Kg3 68. Rg1+ Kh3 69. Rf1 g3 0-1

[Event "XV Festival A"]
[Site "Porto San Giorgio ITA"]
[Date "2003.08.25"]
[Round "5"]
[White "Esposito, Luca"]
[Black "Campo, Renato"]
[Result "0-1"]
[WhiteElo "2202"]
[BlackElo "2142"]
[PlyCount "72"]
[EventDate "2003.08.21"]

1. d4 d5 2. c4 c6 3. Nc3 e5 4. dxe5 d4 5. Ne4 Qa5+ 6. Bd2 Qxe5 7. Ng3 Nf6 8.
Nf3 Qd6 9. Qc2 Be6 10. O-O-O Be7 11. e3 dxe3 12. fxe3 Qc7 13. Bd3 Ng4 14. Ne4
Nd7 15. h3 Nge5 16. Neg5 Nxd3+ 17. Qxd3 O-O-O 18. Nxe6 fxe6 19. Bc3 Nc5 20. Qc2
Bf6 21. Bxf6 gxf6 22. b4 Na6 23. Qc3 Qg3 24. Qxf6 Nxb4 25. Qxe6+ Kb8 26. Rxd8+
Rxd8 27. Qe7 Nxa2+ 28. Kb1 Rg8 29. Qxh7 Qxg2 30. Re1 Nb4 31. Re2 Qf1+ 32. Re1
Qxc4 33. Nd4 Qa2+ 34. Kc1 Rg2 35. Ne2 Rxe2 36. Qh8+ Kc7 0-1

[Event "XV Festival A"]
[Site "Porto San Giorgio ITA"]
[Date "2003.08.25"]
[Round "5"]
[White "Helmers, Wim G."]
[Black "Guastadini, Paolo"]
[Result "1-0"]
[WhiteElo "2127"]
[BlackElo "1804"]
[PlyCount "37"]
[EventDate "2003.08.21"]

1. d4 g6 2. e4 d6 3. Nc3 c6 4. Be3 Bg7 5. Qd2 Nf6 6. Nf3 Bg4 7. Bd3 Qc7 8. Ng1
b6 9. h3 Bc8 10. f4 Ba6 11. Nf3 d5 12. e5 Nfd7 13. f5 e6 14. fxe6 fxe6 15. Ng5
Nf8 16. Bxa6 Nxa6 17. O-O Rg8 18. Nf7 Nd7 19. Nd6+ 1-0

[Event "XV Festival A"]
[Site "Porto San Giorgio ITA"]
[Date "2003.08.25"]
[Round "5"]
[White "Hillman, Jamie O."]
[Black "Laketic, Gojko"]
[Result "0-1"]
[WhiteElo "2035"]
[BlackElo "2393"]
[PlyCount "76"]
[EventDate "2003.08.21"]

1. e4 Nf6 2. e5 Nd5 3. d4 d6 4. c4 Nb6 5. exd6 cxd6 6. Nc3 g6 7. Be3 Bg7 8. Bd3
O-O 9. Nge2 Nc6 10. a3 d5 11. cxd5 Nxd5 12. O-O Nxe3 13. fxe3 Bh6 14. Nf4 e5
15. dxe5 Nxe5 16. Nfd5 Be6 17. e4 Bg7 18. Bb1 Qg5 19. Qe2 Rac8 20. Ba2 Ng4 21.
Rfd1 Rfe8 22. h3 Ne5 23. Kh1 Qg3 24. Rac1 h5 25. Qe3 Qxe3 26. Nxe3 Bxa2 27.
Nxa2 Rxc1 28. Nxc1 Nc6 29. Nc4 Rxe4 30. b3 Nd4 31. Nd6 Re7 32. Nc8 Rc7 33. Nd6
b5 34. b4 Rc3 35. Nd3 Rxa3 36. Nc5 Be5 37. Nde4 Nc2 38. Nd3 Ne3 0-1

[Event "XV Festival A"]
[Site "Porto San Giorgio ITA"]
[Date "2003.08.25"]
[Round "5"]
[White "Horvath, Peter"]
[Black "Cocchi, Andrea"]
[Result "1-0"]
[WhiteElo "2092"]
[BlackElo "2292"]
[PlyCount "37"]
[EventDate "2003.08.21"]

1. d4 Nf6 2. c4 c6 3. Nc3 d5 4. Nf3 e6 5. Bg5 Nbd7 6. cxd5 exd5 7. Qc2 Be7 8.
e3 O-O 9. Bd3 Re8 10. O-O Nf8 11. Rab1 Ne4 12. Bf4 Nxc3 13. bxc3 g5 14. Bg3 h5
15. h3 h4 16. Bh2 f6 17. Bg6 Nxg6 18. Qxg6+ Kf8 19. Nxg5 1-0

[Event "XV Festival A"]
[Site "Porto San Giorgio ITA"]
[Date "2003.08.25"]
[Round "5"]
[White "Kuljasevic, Davorin"]
[Black "Gardon, Ermanno"]
[Result "1-0"]
[WhiteElo "2419"]
[BlackElo "2148"]
[PlyCount "29"]
[EventDate "2003.08.21"]

1. d4 Nf6 2. Nf3 e6 3. c4 d5 4. g3 Nc6 5. Bg2 dxc4 6. Qa4 Be7 7. O-O O-O 8.
Qxc4 a6 9. Nbd2 Rb8 10. e4 Qe8 11. Qe2 b5 12. Nb3 Bb4 13. Bf4 Qe7 14. a3 Ba5
15. Ne5 1-0

[Event "XV Festival A"]
[Site "Porto San Giorgio ITA"]
[Date "2003.08.25"]
[Round "5"]
[White "Lauria, Amilcare"]
[Black "Melotti, Dario"]
[Result "1/2-1/2"]
[WhiteElo "2174"]
[BlackElo "2086"]
[PlyCount "172"]
[EventDate "2003.08.21"]

1. e4 c5 2. Nf3 d6 3. d4 cxd4 4. Nxd4 Nf6 5. Nc3 a6 6. Be3 Ng4 7. Bg5 h6 8. Bh4
g5 9. Bg3 Bg7 10. Be2 h5 11. h4 Nc6 12. Nb3 gxh4 13. Bxh4 Nce5 14. Nd5 Ng6 15.
Bg5 Be6 16. f3 N4e5 17. c3 Bxd5 18. Qxd5 Qb6 19. Qd2 Qc7 20. Nd4 O-O-O 21. Nf5
Bf8 22. O-O-O Rd7 23. f4 e6 24. Ne3 Ng4 25. Nxg4 hxg4 26. Rxh8 Nxh8 27. Qd4 Ng6
28. Bxg4 Be7 29. Bxe7 Nxe7 30. g3 Kb8 31. Kb1 Nc6 32. Qe3 Rd8 33. Bf3 e5 34.
Rh1 f6 35. Rd1 Na5 36. Be2 Nc6 37. Bc4 Ne7 38. Be6 Nc6 39. a3 Na5 40. fxe5 dxe5
41. Rxd8+ Qxd8 42. Bd5 Qc7 43. Qh6 Qd6 44. g4 Kc7 45. Qg7+ Kb6 46. Qf7 Nc6 47.
Qe6 Qxe6 48. Bxe6 Ne7 49. Bf7 a5 50. Kc2 Nc8 51. Kd3 Nd6 52. Bd5 Kc7 53. a4 b6
54. Ke3 Nc8 55. b4 Ne7 56. bxa5 bxa5 57. Kd3 Kb6 58. Kc4 Nc8 59. Be6 Ne7 60.
Bf7 Kc6 61. Be8+ Kb6 62. Bd7 Kc7 63. Be8 Kb6 64. Bb5 Kc7 65. Kc5 Ng6 66. Bc4
Nf4 67. Kb5 Kd6 68. Kxa5 Kc5 69. Bf1 Ne6 70. Ka6 Kc6 71. Bb5+ Kc7 72. Bc4 Nc5+
73. Kb5 Nxe4 74. Kb4 Nd2 75. Be2 e4 76. Kc5 Nb1 77. Kd4 Kb6 78. Bb5 e3 79. Kxe3
Nxc3 80. Kd4 Nd1 81. Ke4 Ka5 82. Bd7 Nf2+ 83. Kf5 Kb4 84. Kf4 Nh3+ 85. Kg3 Ng5
86. Kh4 Ka5 1/2-1/2